书目信息 |
| 题名: |
金史
|
|
| 作者: | 脱脱 撰 | |
| 分册: | 一 | |
| 出版信息: | 北京 中华书局 1975.07 |
|
| 页数: | 300页 | |
| 开本: | 21cm | |
| 丛书名: | ||
| 单 册: | ||
| 中图分类: | K246.4 | |
| 科图分类: | ||
| 主题词: | 中国--历史 | |
| 电子资源: | ||
| ISBN: | ||
| 000 | 00566nam0 2200205 45 | |
| 001 | 0312221749 | |
| 005 | 20060427162802.37 | |
| 010 | @dCNY8.80 | |
| 091 | @a11018.648 | |
| 100 | @a20031222d1975 km y0chiy0120 ea | |
| 101 | @achi | |
| 200 | 1 | @a金史@AJin Shi@e卷一至卷一三(纪)@h一@F(Yuan)Tuo Tuo Deng Zhuan@f(元)脱脱等撰 |
| 210 | @a北京@c中华书局@d1975.07 | |
| 215 | @a300页@d21cm | |
| 517 | 1 | @a卷一至卷一三(纪)@Ajuan yi zhi juan yi san(ji) |
| 606 | 0 | @a中国@x历史 |
| 690 | @aK246.4@v3 | |
| 701 | 0 | @a脱脱@4撰 |
| 801 | @aCN@bTSTCL@c20060427 | |
| 905 | @dK246.4@e2:1 | |
| 金史:卷一至卷一三(纪).一/(元)脱脱等撰.-北京:中华书局,1975.07 |
| 300页;21cm |
| ISBN :CNY8.80 |
| ● |
| 相关链接 |
|
|
|
|
正题名:金史
索取号:K246.4/2:1
 
预约/预借
| 序号 | 登录号 | 条形码 | 馆藏地/架位号 | 状态 | 备注 |
| 1 | 0033002 | 001313402 | 密集书库/ [索取号:K246.4/2:1] | 在馆 | |
| 2 | 0077587 | 000644146 | 第二借阅区/ [索取号:K246.4/2:1] | 在馆 | |
| 3 | 0077588 | 000644137 | 第二借阅区/ [索取号:K246.4/2:1] | 在馆 | |
| 4 | 0103365 | 000643628 | 第二借阅区/ [索取号:K246.4/2:1] | 在馆 | |
| 5 | 0109087 | 001673889 | 密集书库/ [索取号:K246.4/2:1] | 在馆 | |
| 6 | 0109088 | 000643619 | 第二借阅区/ [索取号:K246.4/2:1] | 在馆 | |
| 7 | 0179668 | 000643432 | 第二借阅区/ [索取号:K246.4/2:1] | 在馆 |